All Car Brands Pt.2 - Statistics

General Stats
  • This quiz has been taken 5 times
  • The average score is 38 of 500
Answer Stats
Hint Answer % Correct
Subaru
100%
Lexus
75%
Maserati
75%
MAVA-Renault
75%
Maybach
75%
Mercedes-AMG
75%
Mercedes-Benz
75%
Nissan
75%
Opel
75%
Peugeot
75%
Porsche
75%
Renault
75%
Renault Korea Motors
75%
Renault Somaca
75%
Renault Trucks
75%
Scania
75%
Scion
75%
Tesla
75%
Toyota
75%
Toyota Alphard
75%
Toyota Crown
75%
Vauxhall
75%
Volkswagen
75%
Volkswagen Truck & Bus
75%
Lamborghini
50%
Lancia
50%
Lotus
50%
MAN
50%
MAZ
50%
Mazda
50%
Mini
50%
Mitsubishi Fuso
50%
Mitsubishi Motors
50%
Pontiac
50%
Ram
50%
Rolls-Royce
50%
Saab
50%
Saleen
50%
Scuderia Ferrari
50%
SEAT
50%
Skoda
50%
Smart
50%
Spyker
50%
Volvo Buses
50%
Volvo Cars
50%
Volvo Trucks
50%
KTM
25%
L Lada
25%
Land Rover
25%
Lincoln
25%
M Mack
25%
Maruti Suzuki
25%
McLaren
25%
Mercury
25%
Mitsuoka
25%
Morgan
25%
Morris
25%
Oldsmobile
25%
Pagani
25%
Peterbilt
25%
Pininfarina
25%
Plymouth
25%
Proto
25%
Puma
25%
Rimac
25%
Rover
25%
Samsung
25%
Saturn
25%
Shelby
25%
Sisu Auto
25%
SsangYong
25%
Steyr
25%
Steyr-Daimler-Puch
25%
Suzuki
25%
Talbot
25%
Talbot-Lago
25%
Tatra
25%
Wartburg
25%
W W Motors
25%
Wuling
25%
Zeekr
25%
Zimmer
25%
Brabus
0%
* Cowin
0%
Ha'argaz
0%
Hispano-Suiza
0%
Hulas Motors
0%
Ikarus
0%
K Kaiser
0%
King
0%
Kissel
0%
Kline Kar
0%
Knox
0%
KrAZ
0%
LaFayette
0%
Laforza
0%
Lagonda
0%
Lamari
0%
Lambert
0%
Lambretta
0%
Lanchester
0%
Landwind
0%
Laraki
0%
Larmar
0%
LaSalle
0%
LAZ
0%
Leahead
0%
Leapmotor
0%
Leblanc
0%
Lexington
0%
Li Auto
0%
LIAZ
0%
LiAZ
0%
Libelle
0%
Lifan
0%
Ligier
0%
Lion Electric
0%
Lister
0%
Lloyd
0%
LMX
0%
Lobini
0%
Local
0%
Locomobile
0%
Lohia Machinery
0%
Lohner-Porsche
0%
Lordstown Motors
0%
Lorraine-Dietrich
0%
Lotec
0%
Lozier
0%
LuAZ
0%
Lucid Motors
0%
Luxgen
0%
Lyons-Knight
0%
Magna Steyr
0%
Magnum Cars
0%
Mahindra
0%
Manic
0%
Mansory
0%
Manufacturing Commercial Vehicles
0%
Marathon Motors Engineering
0%
Marca-Tre-Spade
0%
Marcopolo
0%
Marcos
0%
Marmom
0%
Marmon-Herrington
0%
Martini
0%
Marussia
0%
Mascarello
0%
Mastretta
0%
Mathis
0%
Matra
0%
Maxus
0%
Maxwell
0%
Mazzanti
0%
McFarlan
0%
MCI
0%
McLaughlin
0%
MCV Bus & Coach
0%
MDI
0%
MEBEA
0%
Mega
0%
Mekong Auto
0%
Melkus
0%
Mercer
0%
Merkavim
0%
Messerschmitt
0%
Metallurgique
0%
Meteor
0%
MG
0%
Micro
0%
Microcar
0%
Micro Mobility Systems
0%
Minardi
0%
Minerva
0%
Minetti Sports Cars
0%
Mitchell
0%
MoAZ
0%
MOBIpeople
0%
Mobius
0%
Modec
0%
Modenas
0%
Monarch
0%
Monroe
0%
Monteverdi
0%
Moon
0%
Mopeds India Limited
0%
Morattab
0%
Moretti
0%
Mors
0%
Moskvitch
0%
Moskvych
0%
Mosler
0%
Motor Company Of Botswana
0%
Move
0%
Moxy Trucks
0%
MTX
0%
Multicar
0%
MVM
0%
MZKT
0%
N NAG
0%
Nagant
0%
Nakhchivan Automobile Plant
0%
Namco
0%
Nardi
0%
Nash
0%
National
0%
Navistar
0%
Naza
0%
Neman
0%
Neobus
0%
Neoplan
0%
Neorion
0%
Neta
0%
NEVS
0%
New Flyer
0%
Nikola Motor
0%
Nio
0%
NMKV
0%
Noble
0%
Nota
0%
Nova Bus
0%
NSU
0%
Nyberg
0%
OAF
0%
Oakland
0%
Obvio!
0%
Ohta
0%
Oltcit
0%
O O.M
0%
Omega Seiki Mobility
0%
Omoda
0%
ORA
0%
Orca Engineering
0%
Orion
0%
O.S.C.A
0%
Oshkosh
0%
Otokar
0%
Otomo
0%
Overland
0%
Ozaltin
0%
Pacific Trucks
0%
Packard
0%
P P&D Coachworks
0%
Pan-Car
0%
Pancar Motor
0%
Panhard
0%
Panoz
0%
Panther Westwinds
0%
Passport
0%
PAZ
0%
Peerless
0%
Perana Performance Group
0%
Perodua
0%
PGO
0%
Piaggio
0%
Pic-Pic
0%
Piech Automotive
0%
Pieper
0%
Pierce
0%
Pierce-Arrow
0%
Pilot
0%
Pindad
0%
Pirin-Fiat
0%
Plasan
0%
Polaris
0%
Polestar
0%
Polski Fiat
0%
Pope-Toledo
0%
Pope-Tribune
0%
Portaro
0%
Praga
0%
Premier
0%
Prevost
0%
Prince
0%
Proterra
0%
Proton
0%
Puch
0%
Puli
0%
Pungs Finch
0%
Pyeonghwa Motors
0%
Q Qoros
0%
Quantum Motors
0%
Qvale
0%
R Raba
0%
Radical Sportscars
0%
RAESR
0%
RAF
0%
Rambler
0%
Ramirez
0%
Ranz
0%
Rapid
0%
Rauch and Lang
0%
Redpath
0%
REE Automotive
0%
Regal
0%
Reliant Motors
0%
REO
0%
Replicar Hellas
0%
Revoz
0%
Rezvani Motors
0%
Riley
0%
Rinspeed
0%
Rising Auto
0%
Rivian
0%
Robur
0%
Rocar
0%
Rochet-Schneider
0%
Roewe
0%
ROMAN
0%
Romi
0%
Ronart Cars
0%
Rootes
0%
Rosenbauer
0%
Roshel
0%
Rosmo
0%
Rossion
0%
Ruf
0%
Russell
0%
Russo-Balt
0%
Saeham
0%
Safari Coach
0%
SAIC
0%
SAIPA
0%
Saker Cars
0%
Salmson
0%
Salvador Caetano
0%
Samhung Motors
0%
Santa Matilde
0%
Sarao Motors
0%
SAZ
0%
Sazgar
0%
Sbarro
0%
S S.C.A.T
0%
SCG
0%
Scripps-Booth
0%
SeAZ
0%
Sehol
0%
Sero Electric
0%
Setra
0%
Sevel Argentina
0%
Shacman
0%
Shamrock
0%
Shan Star
0%
Sharps Commercials Ltd
0%
Shinjin
0%
SIAM Di Tella
0%
Siata
0%
Sibal
0%
Simca
0%
Simplex
0%
Simson
0%
SIN
0%
Singer
0%
Sipani
0%
SML Isuzu
0%
SMZ
0%
SNVI
0%
Sofia
0%
Solaris
0%
Soletta
0%
Sollers
0%
Soueast
0%
S.P.A
0%
Spania GTA
0%
Speedwell
0%
Speranza Motors
0%
Spijkstaal
0%
SSC
0%
Standard
0%
Stanguellini
0%
Stanley
0%
Star
0%
Stearns-Knight
0%
Stellantis
0%
Sterling
0%
Sterling Trucks
0%
Stevens-Duryea
0%
Stoddard-Dayton
0%
Stoewer
0%
Storero
0%
Stout Motor Car Company
0%
Studebaker
0%
Stutz
0%
Sunbeam
0%
Sungri Motors
0%
Syrena
0%
T TAC
0%
TagAZ
0%
Takeoka Auto Craft
0%
TAM
0%
TAM-Europe
0%
Tank
0%
Tara International
0%
Tata
0%
Tata Daewoo
0%
Tauro Auto Sport
0%
Temax
0%
Tempo
0%
Temsa
0%
Terradyne
0%
Thaco
0%
Thai Rung
0%
the Ghabbour Group
0%
Theologou
0%
Think
0%
TH!NK
0%
Thomas
0%
Thomas Built Buses
0%
Timor
0%
TMC
0%
Togg
0%
Tomcar
0%
Tommykaira
0%
Trabant
0%
Tramontana
0%
Trekka
0%
Trident Cars
0%
Trion Supercars
0%
Triumph
0%
Trojan
0%
Troller
0%
Trumpchi
0%
Tucker
0%
Tushek & Spigel
0%
TVR
0%
TVS
0%
U UAZ
0%
UD Trucks
0%
Ultima Sports
0%
UMM
0%
United Auto Industries
0%
Uniti
0%
Uro
0%
Ursus
0%
V Vale Motor Company
0%
VAM
0%
Vandenbrink
0%
Van Hool
0%
VDL Berkhof
0%
Vector
0%
Vega EVX
0%
Velie
0%
Velorex
0%
Vemag
0%
Vencer
0%
Venturi
0%
Venucia
0%
Vespa
0%
Vicinity
0%
Vignale
0%
Vinaxuki
0%
Vinci
0%
VinFast
0%
VLF Automotive
0%
Volgren
0%
Volugrafo
0%
Voyah
0%
VPG
0%
VUHL
0%
Wallyscar
0%
Walter Fiat
0%
Wanderer
0%
Warszawa
0%
Westcott
0%
Western Star
0%
Westfield
0%
WEY
0%
White
0%
Wiesmann
0%
Willys
0%
Wolseley
0%
Workhorse
0%
World Auto
0%
X Xiamen Golden Dragon Bus
0%
Xiaomi Auto
0%
Xpeng
0%
Y Yangwang
0%
Yo-Mobile
0%
Yudo Auto
0%
Yugo
0%
Yulon
0%
Yutong
0%
Z Zagato
0%
Zagross Khodro
0%
Zanella
0%
Zastava
0%
ZAZ
0%
ZENN
0%
Zhongtong Bus
0%
Zibar
0%
ZiL
0%
Zinoro
0%
Zotye
0%
ZSD Nysa
0%
Zundapp
0%
Zust
0%
ZX Auto
0%
No matching quizzes found
Score Distribution
Percent of People with Each Score
Percentile by Number Answered
Your Score History
You have not taken this quiz